Rajniti tattwa : (Record no. 8907)

MARC details
000 -LEADER
fixed length control field 00585cam a2200217ua 4500
008 - FIXED-LENGTH DATA ELEMENTS--GENERAL INFORMATION
fixed length control field 161007n ii |||gr||||Z||||||asm
020 ## - INTERNATIONAL STANDARD BOOK NUMBER
International Standard Book Number 9788176653848
040 ## - CATALOGING SOURCE
Transcribing agency MAIN
041 ## - LANGUAGE CODE
-- asm
082 ## - DEWEY DECIMAL CLASSIFICATION NUMBER
Classification number 320.5
100 ## - MAIN ENTRY--PERSONAL NAME
Personal name Hazarika, Niru,
Relator term
245 ## - TITLE STATEMENT
Title Rajniti tattwa :
Remainder of title HS 1st year /
Statement of responsibility, etc. By Niru Hazarika & Jyotinath Chakrabarty .
250 ## - EDITION STATEMENT
Edition statement 7th ed.
260 ## - PUBLICATION, DISTRIBUTION, ETC.
Place of publication, distribution, etc. Golaghat:
Name of publisher, distributor, etc. Bharati book stall,
Date of publication, distribution, etc. 2016.
300 ## - PHYSICAL DESCRIPTION
Extent 168p.
700 ## - ADDED ENTRY--PERSONAL NAME
Personal name Chakrabarty, Jyotinath,
Relator term
942 ## - ADDED ENTRY ELEMENTS (KOHA)
Koha item type Books
653 ## - INDEX TERM--UNCONTROLLED
Uncontrolled term Political science
653 ## - INDEX TERM--UNCONTROLLED
Uncontrolled term Political theory
Holdings
Withdrawn status Lost status Damaged status Not for loan Home library Current library Date acquired Total Checkouts Full call number Barcode Date due Date last seen Date last checked out Copy number Price effective from Koha item type
        Central Library, Naharkatiya College Central Library, Naharkatiya College 19/09/2020 2 320.5 | HAZ 23389 05/03/2022 18/02/2022 18/02/2022 3 19/09/2020 Books
        Central Library, Naharkatiya College Central Library, Naharkatiya College 19/09/2020 8 320.5 | HAZ 23390   12/04/2024 23/03/2024 2 19/09/2020 Books
        Central Library, Naharkatiya College Central Library, Naharkatiya College 19/09/2020 11 320.5 | HAZ 23391 02/06/2026 14/05/2026 14/05/2026 1 19/09/2020 Books

Naharkatiya College © 2020. All rights reserved.

Powered By